Statistics for Scientific Bird Names

Click here to take the quiz!

General Stats

  • This quiz has been taken 39 times
  • The average score is 16 of 22

Answer Stats

Scientific nameBirds% Correct
PelecanusPelican
97%
CygnusSwan
93%
CorvusCrow
90%
Columba Livia DomesticaPigeon
90%
StrigiformesOwl
87%
CuculidaeCuckoo
83%
Haliaeetus leucocephalusEagle
83%
Anas PlatyrhynchosDuck
80%
Struthio camelusOstrich
80%
PasseridaeSparrow
77%
Dromaius NovaehollandiaeEmu
70%
AnseriniGoose
70%
PsittaciformesParrot
67%
HirundinidaeSwallow
67%
Pavo CristatusPeacock
63%
SpheniscidaePenguin
63%
DiomedeidaeAlbatross
57%
Milvus migransKite
53%
Apteryx MantelliKiwi
53%
Gallus Gallus DomesticusRooster
50%
RamphastidaeToucan
47%
AlcedinidaeKingfisher
43%

Score Distribution

Percentile by Number Answered

Percent of People with Each Score

Your Score History

You have not taken this quiz